Valuation information alert (Record no. 111521)
[ view plain ]
| 000 -LEADER | |
|---|---|
| fixed length control field | 01298cad a22002295a 4500 |
| 001 - CONTROL NUMBER | |
| control field | L151659 |
| 008 - FIXED-LENGTH DATA ELEMENTS--GENERAL INFORMATION | |
| fixed length control field | 101125s2010 xxk f 000 0 eng d |
| 035 ## - SYSTEM CONTROL NUMBER | |
| System control number | (Sirsi) u151659 |
| 041 0# - LANGUAGE CODE | |
| Language code of text/sound track or separate title | eng |
| 050 04 - LIBRARY OF CONGRESS CALL NUMBER | |
| Classification number | 333.332 $2 19 |
| 110 2# - MAIN ENTRY--CORPORATE NAME | |
| Corporate name or jurisdiction name as entry element | Royal Institution of Chartered Surveyors |
| Subordinate unit | Valuation Professional Group |
| 9 (RLIN) | 5719 |
| 245 00 - TITLE STATEMENT | |
| Title | Valuation information alert |
| Remainder of title | valuations for local authority accounts: componentisation (draft awaiting Valuation Standards Board approval) |
| Medium | [electronic resource] |
| 260 ## - PUBLICATION, DISTRIBUTION, ETC. | |
| Place of publication, distribution, etc. | London |
| Name of publisher, distributor, etc. | RICS |
| Date of publication, distribution, etc. | 2010 |
| 490 #0 - SERIES STATEMENT | |
| Series statement | Valuation Information Alert |
| 520 ## - SUMMARY, ETC. | |
| Summary, etc. | Sets out an amendment to RICS Valuation Standards UK Appendix 1.5 Paragraph 7 in respect of accounting for depreciation. Deals with the identification of components and the apportionment process.The guidance is subject to ratification by the next Valuation Standards Board in December 2010 and is expected to be formally incorporated into the next revision of RICS Valuation Standards in 2011. |
| 521 ## - TARGET AUDIENCE NOTE | |
| Target audience note | Advanced |
| 590 ## - LOCAL NOTE (RLIN) | |
| Local note | KA |
| 651 #4 - SUBJECT ADDED ENTRY--GEOGRAPHIC NAME | |
| Geographic name | United Kingdom |
| Chronological subdivision | |
| 690 ## - LOCAL SUBJECT ADDED ENTRY--TOPICAL TERM (OCLC, RLIN) | |
| Topical term or geographic name as entry element | PROPERTY-PROPERTY APPRAISAL AND VALUATION |
| 856 40 - ELECTRONIC LOCATION AND ACCESS | |
| Uniform Resource Identifier | <a href="https://www.rics.org/site/download_feed.aspx?fileID=7694&fileExtension=PDF">https://www.rics.org/site/download_feed.aspx?fileID=7694&fileExtension=PDF</a> |
| Public note | View the draft valuation information alert (member-only content) at www.rics.org |
| 942 ## - ADDED ENTRY ELEMENTS (KOHA) | |
| Suppress in OPAC | 0 |
| Withdrawn status | Lost status | Source of classification or shelving scheme | Damaged status | Not for loan | Home library | Current library | Shelving location | Date acquired | Total Checkouts | Full call number | Barcode | Date last seen | Copy number | Price effective from | Koha item type |
|---|---|---|---|---|---|---|---|---|---|---|---|---|---|---|---|
| Dewey Decimal Classification | Virtual | Virtual | Online | 25/11/2010 | ONLINE PUBLICATION | 151659-2001 | 06/08/2019 | 1 | 06/08/2019 | Book |